Smritichitre : (Record no. 151944)

MARC details
000 -LEADER
fixed length control field 00607nam a22001937a 4500
005 - DATE AND TIME OF LATEST TRANSACTION
control field 20180508171248.0
010 ## - LCCN (DPL NO)
LC control number ENG-123009
020 ## - INTERNATIONAL STANDARD BOOK NUMBER
Terms of availability 650.00
International Standard Book Number 9789386582577
035 ## - SYSTEM CONTROL NUMBER
System control number EN-106541
037 ## - SOURCE OF ACQUISITION
Stock number DBAD/PUB.
082 ## - DEWEY DECIMAL CLASSIFICATION NUMBER
Classification number 921
100 ## - MAIN ENTRY--PERSONAL NAME
Personal name Tilak, Lakshmibai
245 ## - TITLE STATEMENT
Title Smritichitre :
Statement of responsibility, etc by Lakshmibai Tilak ; translated by Shanta Gokhale
Remainder of title The memoirs of a spirited wife /
260 ## - PUBLICATION, DISTRIBUTION, ETC. (IMPRINT)
Place of publication, distribution, etc New Delhi
Name of publisher, distributor, etc Speaking Tiger
Date of publication, distribution, etc 2017
270 ## - ADDRESS
Address 4381/4, Ansari Road, Daryaganj
City New Delhi
Postal code 110002
300 ## - PHYSICAL DESCRIPTION
Extent 498p.
Other physical details 21cm(pbk)
700 ## - ADDED ENTRY--PERSONAL NAME
Personal name Shanta Gokhale
942 ## - ADDED ENTRY ELEMENTS (KOHA)
Source of classification or shelving scheme Dewey Decimal Classification
Item type English Books
Classification part 921
Call number suffix TIL
Holdings
Withdrawn status Lost status Not for loan Collection code Home library Current library Date acquired Cost, normal purchase price Full call number Barcode Copy number Cost, replacement price Koha item type
    Not For Loan Non-fiction D.B.Act.Division Sarojini Nagar 08/05/2018 650.00 921 TIL EN-106541 1 650.00 English Books

© Delhi Public Library
Hit Counter
free hit counter